[Event "XtraCon-Skakligaen"]
[Site "Denmark"]
[Date "2011.01.30"]
[Round "6.5"]
[White "Pedersen, Svend"]
[Black "Wiwe, Andreas"]
[Result "0-1"]
[WhiteElo "2214"]
[BlackElo "2255"]
[PlyCount "80"]
[EventDate "2010.11.06"]
[EventType "team-tourn"]
[EventRounds "9"]
[WhiteTeam "Norresundby"]
[BlackTeam "Jetsmark"]
[WhiteTeamCountry "DEN"]
[BlackTeamCountry "DEN"]

1. e4 e5 2. Nf3 Nc6 3. Be2 Nf6 4. d3 d5 5. Nbd2 Bc5 6. c3 O-O 7. b4 Bd6 8. a3
Ne7 9. Bb2 Ng6 10. Qc2 c6 11. h3 Qe7 12. g3 Bd7 13. Nf1 a5 14. Ne3 Rfe8 15. Nd2
Bc7 16. Bf3 dxe4 17. dxe4 c5 18. bxc5 Qxc5 19. Bg2 h5 20. h4 Ng4 21. Ndf1 Nf6
22. Nd2 Be6 23. O-O Red8 24. c4 Rac8 25. Rac1 Bb6 26. Qc3 Qf8 27. Qb3 Nd7 28.
Nd5 Bc5 29. Qb5 b6 30. a4 Ne7 31. Kh2 Nc6 32. Bh3 Qd6 33. Rfd1 Bxf2 34. Nf3 Nd4
35. Nxd4 exd4 36. Rd3 Ne5 37. Ba3 Rc5 38. Bxc5 bxc5 39. Rb3 d3 40. Nf4 d2 0-1

[Event "XtraCon-Skakligaen"]
[Site "Denmark"]
[Date "2011.01.30"]
[Round "6.6"]
[White "Baekgaard, Martin"]
[Black "Nielsen, John Bauneborg"]
[Result "1-0"]
[WhiteElo "2263"]
[BlackElo "2148"]
[PlyCount "57"]
[EventDate "2010.11.06"]
[EventType "team-tourn"]
[EventRounds "9"]
[WhiteTeam "Jetsmark"]
[BlackTeam "Norresundby"]
[WhiteTeamCountry "DEN"]
[BlackTeamCountry "DEN"]

1. d4 f5 2. Nf3 Nf6 3. g3 g6 4. Bg2 Bg7 5. O-O O-O 6. b3 d6 7. Bb2 c6 8. c4 e5
9. dxe5 Ng4 10. Qc2 Nxe5 11. Rd1 Nxf3+ 12. Bxf3 Bxb2 13. Qxb2 Qf6 14. Nc3 Nd7
15. Qd2 Ne5 16. Bg2 Nf7 17. Rac1 Be6 18. f4 Rad8 19. e4 Rfe8 20. Qf2 a6 21. Qb6
Rd7 22. Nd5 Bxd5 23. cxd5 fxe4 24. dxc6 bxc6 25. Qxc6 Qe7 26. Qd5 Rc7 27. Rxc7
Qxc7 28. Bxe4 Qe7 29. Bd3 1-0

[Event "XtraCon-Skakligaen"]
[Site "Denmark"]
[Date "2011.01.30"]
[Round "6.7"]
[White "Olesen, Poul Erik Norgaard"]
[Black "Jensen, Bjarke"]
[Result "0-1"]
[WhiteElo "2106"]
[BlackElo "2258"]
[PlyCount "98"]
[EventDate "2010.11.06"]
[EventType "team-tourn"]
[EventRounds "9"]
[WhiteTeam "Norresundby"]
[BlackTeam "Jetsmark"]
[WhiteTeamCountry "DEN"]
[BlackTeamCountry "DEN"]

1. e4 c5 2. Nf3 d6 3. d4 cxd4 4. Nxd4 Nf6 5. Nc3 Nbd7 6. Nf5 a6 7. Be2 b5 8.
Ng3 Bb7 9. O-O g6 10. f4 h5 11. Bf3 Qb6+ 12. Rf2 b4 13. Na4 Qa7 14. Qe2 Rc8 15.
Be3 Qa8 16. e5 Bxf3 17. Rxf3 Ng4 18. exd6 e6 19. Bd4 Rg8 20. Ne4 Qc6 21. b3
Bxd6 22. h3 Nh6 23. Rd1 Be7 24. Rfd3 Nf5 25. Bf2 Nf6 26. Nxf6+ Bxf6 27. Nc5 Be7
28. Qe5 Bxc5 29. Qxc5 Qxc5 30. Bxc5 Rxc5 31. Rd8+ Ke7 32. R1d7+ Kf6 33. Rxg8
Rxc2 34. g4 hxg4 35. hxg4 Ng3 36. g5+ Kf5 37. Rxf7+ Kg4 38. Rd7 Ne2+ 39. Kf1
Nxf4 40. Rd4 e5 41. Re4 Kf3 42. Rxf4+ exf4 43. Ke1 Kg2 44. Rxg6 f3 45. Kd1 Rxa2
46. Rf6 f2 47. g6 f1=Q+ 48. Rxf1 Kxf1 49. g7 Rg2 0-1

[Event "XtraCon-Skakligaen"]
[Site "Denmark"]
[Date "2011.01.30"]
[Round "6.8"]
[White "Rathlev, Jakob"]
[Black "Christiansen, Jens Jorgen"]
[Result "1/2-1/2"]
[WhiteElo "2258"]
[BlackElo "2136"]
[PlyCount "43"]
[EventDate "2010.11.06"]
[EventType "team-tourn"]
[EventRounds "9"]
[WhiteTeam "Jetsmark"]
[BlackTeam "Norresundby"]
[WhiteTeamCountry "DEN"]
[BlackTeamCountry "DEN"]

1. c4 e5 2. g3 Nf6 3. Bg2 c6 4. d4 exd4 5. Qxd4 d5 6. cxd5 cxd5 7. Bg5 Be7 8.
Nc3 Nc6 9. Qa4 Be6 10. Nf3 O-O 11. O-O h6 12. Bf4 a6 13. Ne5 Qb6 14. Nxc6 bxc6
15. Qc2 Rac8 16. Rfd1 Rfd8 17. Rac1 c5 18. b3 Qa5 19. Bd2 Qb6 20. Bf4 Qa5 21.
Bd2 Qb6 22. Bf4 1/2-1/2

[Event "XtraCon-Skakligaen"]
[Site "Denmark"]
[Date "2011.01.30"]
[Round "6.1"]
[White "Christensen, Tobias"]
[Black "Hector, Jonny"]
[Result "0-1"]
[WhiteElo "2366"]
[BlackElo "2576"]
[PlyCount "26"]
[EventDate "2010.11.06"]
[EventType "team-tourn"]
[EventRounds "9"]
[WhiteTeam "Aarhus/Skolerne"]
[BlackTeam "Nordkalotten"]
[WhiteTeamCountry "DEN"]
[BlackTeamCountry "DEN"]

1. d4 d5 2. c4 e6 3. g3 c5 4. cxd5 cxd4 5. Qa4+ Bd7 6. Qxd4 exd5 7. Qxd5 Nf6 8.
Qb3 Nc6 9. Bg2 Nd4 10. Qd1 Bf5 11. e4 Nxe4 12. Na3 Bxa3 13. bxa3 Nc3 0-1

[Event "XtraCon-Skakligaen"]
[Site "Denmark"]
[Date "2011.01.30"]
[Round "6.2"]
[White "Brynell, Stellan"]
[Black "Jelling, Erik"]
[Result "1-0"]
[WhiteElo "2492"]
[BlackElo "2369"]
[PlyCount "77"]
[EventDate "2010.11.06"]
[EventType "team-tourn"]
[EventRounds "9"]
[WhiteTeam "Nordkalotten"]
[BlackTeam "Aarhus/Skolerne"]
[WhiteTeamCountry "DEN"]
[BlackTeamCountry "DEN"]

1. d4 d5 2. c4 c6 3. Nc3 Nf6 4. e3 a6 5. Nf3 b5 6. c5 Bg4 7. Qb3 Nbd7 8. a4 e6
9. Qa3 Rc8 10. axb5 axb5 11. Qa5 Be7 12. Qxd8+ Kxd8 13. Ra7 Rc7 14. Ra5 Rf8 15.
Nd2 Kc8 16. Nb3 Kb8 17. Na2 Ra7 18. Bd2 Rc8 19. Bd3 Bf5 20. Rxa7 Kxa7 21. Bxf5
exf5 22. Ke2 Kb7 23. Na5+ Kc7 24. Nb4 Nb8 25. f3 Kd7 26. Ra1 Bd8 27. Be1 Bc7
28. Bh4 Ne8 29. Nb3 g6 30. Ra7 Ng7 31. Bf6 Ne6 32. Na5 Nd8 33. Be5 h5 34. Nd3
Ne6 35. h4 Kd8 36. Bxc7+ Rxc7 37. Ra8 Kc8 38. Nb4 Nd8 39. Na6 1-0

[Event "XtraCon-Skakligaen"]
[Site "Denmark"]
[Date "2011.01.30"]
[Round "6.3"]
[White "Boe, Mads"]
[Black "Ahlander, Bjorn"]
[Result "1/2-1/2"]
[WhiteElo "2343"]
[BlackElo "2419"]
[PlyCount "123"]
[EventDate "2010.11.06"]
[EventType "team-tourn"]
[EventRounds "9"]
[WhiteTeam "Aarhus/Skolerne"]
[BlackTeam "Nordkalotten"]
[WhiteTeamCountry "DEN"]
[BlackTeamCountry "DEN"]

1. e4 c5 2. c3 d5 3. exd5 Qxd5 4. d4 e6 5. Nf3 Nf6 6. Be3 cxd4 7. cxd4 Nc6 8.
Nc3 Qd6 9. a3 Be7 10. Bd3 O-O 11. Rc1 Rd8 12. O-O Bd7 13. Bb1 Be8 14. Qd3 Rac8
15. Rfd1 a6 16. Bg5 g6 17. Ba2 b5 18. b4 Qb8 19. Qe2 Qa7 20. d5 exd5 21. Bxd5
Rxd5 22. Nxd5 Nxd5 23. Rxd5 Bxg5 24. Nxg5 Nd4 25. Rxc8 Nxe2+ 26. Kf1 Nf4 27.
Rxe8+ Kg7 28. Rde5 Qd7 29. R8e7 Qd3+ 30. Kg1 Qd1+ 31. Re1 Qg4 32. Rxf7+ Kh6 33.
g3 Ne2+ 34. Kf1 Nxg3+ 35. hxg3 Qxg5 36. Rf4 Qd5 37. Rh4+ Kg7 38. Re7+ Kf6 39.
Re3 h5 40. Rf4+ Kg5 41. Kg1 Qd6 42. Kh2 Qd5 43. Rf8 Qd6 44. Rf4 Qd5 45. Rfe4
Kh6 46. Re6 Qf5 47. Kg1 h4 48. gxh4 Qg4+ 49. Kf1 Qc4+ 50. Ke1 Qxh4 51. Rg3 Kh7
52. Rgxg6 Qc4 53. Rh6+ Kg7 54. Reg6+ Kf7 55. Rxa6 Qe4+ 56. Kf1 Qc4+ 57. Kg2
Qg4+ 58. Kf1 Qd1+ 59. Kg2 Qg4+ 60. Kh2 Qf4+ 61. Kh1 Qf3+ 62. Kg1 1/2-1/2

[Event "XtraCon-Skakligaen"]
[Site "Denmark"]
[Date "2011.01.30"]
[Round "6.4"]
[White "Hove, Esben Kjems"]
[Black "Rendboe, John Filip"]
[Result "1/2-1/2"]
[WhiteElo "2258"]
[BlackElo "2280"]
[PlyCount "35"]
[EventDate "2010.11.06"]
[EventType "team-tourn"]
[EventRounds "9"]
[WhiteTeam "Nordkalotten"]
[BlackTeam "Aarhus/Skolerne"]
[WhiteTeamCountry "DEN"]
[BlackTeamCountry "DEN"]

1. c4 c5 2. Nf3 Nc6 3. g3 Nf6 4. Bg2 d5 5. cxd5 Nxd5 6. O-O e5 7. d3 Be7 8. Nc3
Nc7 9. Be3 O-O 10. Ne1 Nd4 11. Rc1 Rb8 12. b3 b6 13. Bd2 Be6 14. f4 exf4 15.
Bxf4 Bg5 16. e3 Bxf4 17. Rxf4 Ndb5 18. Nxb5 1/2-1/2

[Event "XtraCon-Skakligaen"]
[Site "Denmark"]
[Date "2011.01.30"]
[Round "6.6"]
[White "Jakobsen, Peter"]
[Black "Rewitz, Poul"]
[Result "0-1"]
[WhiteElo "2230"]
[BlackElo "2296"]
[PlyCount "82"]
[EventDate "2010.11.06"]
[EventType "team-tourn"]
[EventRounds "9"]
[WhiteTeam "Nordkalotten"]
[BlackTeam "Aarhus/Skolerne"]
[WhiteTeamCountry "DEN"]
[BlackTeamCountry "DEN"]

1. Nf3 Nf6 2. c4 c5 3. Nc3 Nc6 4. d4 cxd4 5. Nxd4 g6 6. e4 d6 7. Be2 Bg7 8. Be3
O-O 9. O-O a6 10. Qd2 Bd7 11. f3 Ne8 12. Nb3 Ne5 13. Nd5 Be6 14. Nb6 Rb8 15. a4
Nd7 16. a5 Nxb6 17. Bxb6 Qd7 18. Rfd1 Rc8 19. Qb4 Bxb2 20. Nc5 dxc5 21. Qxb2
Qc6 22. Bd8 Rc7 23. Bxc7 Qxc7 24. Qc3 Ng7 25. g3 Bc8 26. f4 Ne6 27. Bf3 Nd4 28.
e5 Bd7 29. Kf2 Bc6 30. Bd5 Rd8 31. Bxc6 Qxc6 32. Re1 h5 33. Rab1 Qc8 34. Rb2 h4
35. Qe3 Qg4 36. Rxb7 Nf5 37. Qf3 Rd2+ 38. Re2 hxg3+ 39. hxg3 Rxe2+ 40. Qxe2
Qxg3+ 41. Kf1 Ne3+ 0-1

[Event "XtraCon-Skakligaen"]
[Site "Denmark"]
[Date "2011.01.30"]
[Round "6.7"]
[White "Ochsner, Bjorn Moller"]
[Black "Ejsing, Esben"]
[Result "1-0"]
[WhiteElo "2195"]
[BlackElo "2118"]
[PlyCount "127"]
[EventDate "2010.11.06"]
[EventType "team-tourn"]
[EventRounds "9"]
[WhiteTeam "Aarhus/Skolerne"]
[BlackTeam "Nordkalotten"]
[WhiteTeamCountry "DEN"]
[BlackTeamCountry "DEN"]

1. e4 c5 2. Nf3 d6 3. d4 cxd4 4. Nxd4 Nf6 5. Nc3 e6 6. Bg5 a6 7. f4 Qb6 8. Qd2
Nc6 9. Bxf6 gxf6 10. Nb3 Bd7 11. O-O-O Rc8 12. Be2 Nb4 13. Kb1 Be7 14. Bh5 a5
15. Nd4 O-O 16. f5 d5 17. fxe6 fxe6 18. exd5 e5 19. d6 Qxd6 20. Nb3 Qxd2 21.
Rxd2 Bf5 22. Rf1 Bxc2+ 23. Rxc2 Nxc2 24. Kxc2 a4 25. Nd2 f5 26. Be2 e4 27. a3
Kg7 28. Bb5 Bd6 29. h3 Bg3 30. Kd1 Kg6 31. Ke2 Rcd8 32. Bxa4 Rd4 33. Bb5 Rfd8
34. Nb3 R4d6 35. Rd1 Be5 36. Rxd6+ Rxd6 37. Nd1 f4 38. Nd2 Kf5 39. Ba4 Rg6 40.
Kf1 Rd6 41. Ke2 e3 42. Nc4 Rd8 43. Bc2+ Kf6 44. a4 h6 45. b3 Bd4 46. Bd3 Ke6
47. Na3 Ke5 48. Nc4+ Kd5 49. Kf3 Be5 50. g3 Ke6 51. Nxe5 Kxe5 52. gxf4+ Kd4 53.
Bb5 Rc8 54. Bc4 Re8 55. Be2 h5 56. f5 h4 57. Kf4 Re4+ 58. Kg5 Ke5 59. Nb2 Kd4
60. Nd1 Ke5 61. Nb2 Kd4 62. Nd3 Kc3 63. f6 Kd2 64. Nf4 1-0

[Event "XtraCon-Skakligaen"]
[Site "Denmark"]
[Date "2011.01.30"]
[Round "6.8"]
[White "Koch, Soren Andreas"]
[Black "Hagen, Kresten Skytte"]
[Result "1-0"]
[WhiteElo "2178"]
[BlackElo "2169"]
[PlyCount "65"]
[EventDate "2010.11.06"]
[EventType "team-tourn"]
[EventRounds "9"]
[WhiteTeam "Nordkalotten"]
[BlackTeam "Aarhus/Skolerne"]
[WhiteTeamCountry "DEN"]
[BlackTeamCountry "DEN"]

1. d4 Nf6 2. g3 e6 3. Bg2 d5 4. Nf3 Be7 5. O-O O-O 6. b3 a5 7. c4 c6 8. Bb2
Nbd7 9. Nc3 b6 10. Re1 Ba6 11. Ne5 Nxe5 12. dxe5 Nd7 13. Rc1 Rc8 14. Nb1 dxc4
15. bxc4 Nc5 16. Qc2 Qc7 17. Nd2 b5 18. Red1 b4 19. Nf3 a4 20. Nd4 Qb6 21. Rb1
b3 22. axb3 Nxb3 23. e3 Rc7 24. Bf1 c5 25. Ne2 Bb7 26. Nf4 g5 27. Nd5 exd5 28.
cxd5 Rd7 29. Bg2 h5 30. e6 Rdd8 31. Qf5 f6 32. Qg6+ Kh8 33. Be4 1-0

[Event "XtraCon-Skakligaen"]
[Site "Denmark"]
[Date "2011.01.30"]
[Round "6.2"]
[White "Schandorff, Lars"]
[Black "Greger, Roland Reinhard"]
[Result "1-0"]
[WhiteElo "2488"]
[BlackElo "2389"]
[PlyCount "95"]
[EventDate "2010.11.06"]
[EventType "team-tourn"]
[EventRounds "9"]
[WhiteTeam "Sydostfyn"]
[BlackTeam "K41"]
[WhiteTeamCountry "DEN"]
[BlackTeamCountry "DEN"]

1. d4 Nf6 2. c4 c5 3. d5 b5 4. cxb5 a6 5. bxa6 g6 6. Nc3 Bxa6 7. g3 d6 8. Bg2
Bg7 9. Nf3 O-O 10. Rb1 Nbd7 11. O-O Nb6 12. b3 Bb7 13. Nh4 Qd7 14. Qd2 h6 15.
e4 Ba6 16. Re1 c4 17. Nf3 cxb3 18. axb3 Qb7 19. Nd4 Ng4 20. Nc6 Ne5 21. Nxe5
Bxe5 22. Bb2 Nd7 23. f4 Bg7 24. Na4 Bxb2 25. Rxb2 Rfb8 26. e5 Nb6 27. Nxb6
Qxb6+ 28. Kh1 Qb4 29. Qxb4 Rxb4 30. exd6 exd6 31. Ra2 Kg7 32. Bf1 Rb6 33. Rea1
Bxf1 34. Rxa8 Bd3 35. Kg1 Be4 36. R8a3 Bxd5 37. Rd1 Be4 38. Rd4 d5 39. b4 g5
40. Kf2 Kf6 41. Ra5 Kf5 42. Ke3 Kg4 43. b5 Re6 44. Rb4 gxf4+ 45. gxf4 Bf3+ 46.
Kd3 Be2+ 47. Kd2 Bc4 48. b6 1-0

[Event "XtraCon-Skakligaen"]
[Site "Denmark"]
[Date "2011.01.30"]
[Round "6.3"]
[White "Ost Hansen, Jacob"]
[Black "Shaw, John"]
[Result "1-0"]
[WhiteElo "2381"]
[BlackElo "2439"]
[PlyCount "89"]
[EventDate "2010.11.06"]
[EventType "team-tourn"]
[EventRounds "9"]
[WhiteTeam "K41"]
[BlackTeam "Sydostfyn"]
[WhiteTeamCountry "DEN"]
[BlackTeamCountry "DEN"]

1. g3 e5 2. c4 Nf6 3. Bg2 c6 4. d4 Bb4+ 5. Bd2 Bxd2+ 6. Qxd2 d6 7. dxe5 dxe5 8.
Qxd8+ Kxd8 9. Nf3 Re8 10. Nc3 Bf5 11. Ng5 Ke7 12. O-O-O Nbd7 13. Be4 Be6 14.
Nxe6 Kxe6 15. g4 Red8 16. Bf5+ Ke7 17. g5 Ne8 18. Ne4 Nf8 19. e3 Nd6 20. Nxd6
Rxd6 21. Rxd6 Kxd6 22. Kc2 g6 23. Bg4 Ne6 24. h4 h6 25. h5 gxh5 26. Bxe6 Kxe6
27. gxh6 Rh8 28. Rxh5 f5 29. Kd3 e4+ 30. Kd4 Kf6 31. Kc5 Kg6 32. Rh2 Rxh6 33.
Rxh6+ Kxh6 34. Kd6 Kg5 35. c5 Kg4 36. Ke5 b6 37. b4 bxc5 38. bxc5 Kg5 39. Ke6
Kg4 40. Kf6 f4 41. Ke5 fxe3 42. fxe3 Kf3 43. Kd4 a6 44. a3 a5 45. a4 1-0

[Event "XtraCon-Skakligaen"]
[Site "Denmark"]
[Date "2011.01.30"]
[Round "6.4"]
[White "Pedersen, Steffen"]
[Black "Rasmussen, Casper Dahl"]
[Result "1-0"]
[WhiteElo "2417"]
[BlackElo "2357"]
[PlyCount "53"]
[EventDate "2010.11.06"]
[EventType "team-tourn"]
[EventRounds "9"]
[WhiteTeam "Sydostfyn"]
[BlackTeam "K41"]
[WhiteTeamCountry "DEN"]
[BlackTeamCountry "DEN"]

1. d4 d5 2. c4 c6 3. Nf3 Nf6 4. e3 Bf5 5. Nc3 e6 6. Nh4 Bg6 7. Qb3 Qb6 8. Nxg6
hxg6 9. Bd2 Nbd7 10. Qc2 dxc4 11. Bxc4 Bd6 12. g3 O-O-O 13. O-O-O Ng4 14. Ne4
Ndf6 15. Nxd6+ Rxd6 16. Rdf1 Rxh2 17. Rxh2 Nxh2 18. Rh1 Nf3 19. Bc3 g5 20. Qa4
Rd5 21. Qa3 Qd8 22. Qxa7 Nd7 23. Bxd5 exd5 24. Bb4 c5 25. Bxc5 Nxc5 26. Rh8
Nd3+ 27. Kd1 1-0

[Event "XtraCon-Skakligaen"]
[Site "Denmark"]
[Date "2011.01.30"]
[Round "6.5"]
[White "Hagen, Andreas Skytte"]
[Black "Borbjerggaard, Lars"]
[Result "1/2-1/2"]
[WhiteElo "2290"]
[BlackElo "2338"]
[PlyCount "52"]
[EventDate "2010.11.06"]
[EventType "team-tourn"]
[EventRounds "9"]
[WhiteTeam "K41"]
[BlackTeam "Sydostfyn"]
[WhiteTeamCountry "DEN"]
[BlackTeamCountry "DEN"]

1. c4 c5 2. g3 g6 3. Bg2 Bg7 4. Nc3 Nc6 5. Nf3 Nf6 6. O-O O-O 7. d4 d6 8. d5
Na5 9. Nd2 a6 10. Qc2 Rb8 11. Rb1 b5 12. b3 e5 13. Bb2 Nh5 14. Ba1 b4 15. Nd1
Nb7 16. e3 f5 17. f4 Qe7 18. Nf2 Bd7 19. Rbe1 Rbe8 20. Nd3 e4 21. Nf2 g5 22.
Bxg7 Qxg7 23. Qd1 g4 24. Qa1 a5 25. Qxg7+ Kxg7 26. a4 Nf6 1/2-1/2

[Event "XtraCon-Skakligaen"]
[Site "Denmark"]
[Date "2011.01.30"]
[Round "6.6"]
[White "Nordenbaek, Jan"]
[Black "Schmidt, Kristen"]
[Result "0-1"]
[WhiteElo "2271"]
[BlackElo "2280"]
[PlyCount "70"]
[EventDate "2010.11.06"]
[EventType "team-tourn"]
[EventRounds "9"]
[WhiteTeam "Sydostfyn"]
[BlackTeam "K41"]
[WhiteTeamCountry "DEN"]
[BlackTeamCountry "DEN"]

1. Nf3 g6 2. c4 Bg7 3. d4 c5 4. e4 cxd4 5. Nxd4 Nc6 6. Be3 Nf6 7. Nc3 d6 8. Be2
O-O 9. O-O Nd7 10. Rb1 Nc5 11. f4 Nxd4 12. Bxd4 e5 13. fxe5 Ne6 14. Be3 Bxe5
15. Nd5 Nc5 16. Bd4 Nxe4 17. Bxe5 dxe5 18. Bd3 Nc5 19. Nf6+ Kg7 20. Bc2 Be6 21.
Qe1 Qd4+ 22. Kh1 e4 23. Qh4 h6 24. b3 Rad8 25. Rbd1 Qc3 26. Rxd8 Rxd8 27. Nh5+
gxh5 28. Qxd8 b6 29. Qd1 Bg4 30. Qa1 Qxa1 31. Rxa1 a5 32. Kg1 Kf6 33. Kf2 Ke5
34. Ke3 h4 35. Rf1 f5 0-1

[Event "XtraCon-Skakligaen"]
[Site "Denmark"]
[Date "2011.01.30"]
[Round "6.7"]
[White "Christensen, Bo Garner"]
[Black "Lauridsen, Jesper Morch"]
[Result "1-0"]
[WhiteElo "2254"]
[BlackElo "2298"]
[PlyCount "61"]
[EventDate "2010.11.06"]
[EventType "team-tourn"]
[EventRounds "9"]
[WhiteTeam "K41"]
[BlackTeam "Sydostfyn"]
[WhiteTeamCountry "DEN"]
[BlackTeamCountry "DEN"]

1. e4 c5 2. Nf3 g6 3. Bc4 Bg7 4. Nc3 Nc6 5. d3 d6 6. h3 Nf6 7. Be3 O-O 8. a4 e5
9. Qd2 Nd4 10. Bg5 Be6 11. Nxd4 cxd4 12. Nd5 Bxd5 13. Bxd5 Qc7 14. Bb3 Nd7 15.
O-O Nc5 16. Bd5 Ne6 17. Rfc1 Qd7 18. a5 a6 19. Ra3 Rac8 20. Rb3 Rc7 21. Rb6
Rfc8 22. h4 h5 23. f3 Kh7 24. Bxe6 Qxe6 25. Qb4 Rxc2 26. Rxc2 Rxc2 27. Rxb7 Qa2
28. Kh2 Qe6 29. Qb6 f6 30. Qa7 Qg8 31. Bxf6 1-0

[Event "XtraCon-Skakligaen"]
[Site "Denmark"]
[Date "2011.01.30"]
[Round "6.8"]
[White "Nohr, Finn"]
[Black "Naes, Flovin Tor"]
[Result "1/2-1/2"]
[WhiteElo "2102"]
[BlackElo "2231"]
[PlyCount "44"]
[EventDate "2010.11.06"]
[EventType "team-tourn"]
[EventRounds "9"]
[WhiteTeam "Sydostfyn"]
[BlackTeam "K41"]
[WhiteTeamCountry "DEN"]
[BlackTeamCountry "DEN"]

1. d4 d5 2. c4 dxc4 3. e3 Nf6 4. Bxc4 e6 5. Nf3 c5 6. O-O a6 7. Bb3 Nc6 8. Qe2
b6 9. Rd1 Qc7 10. Nc3 Be7 11. Bd2 O-O 12. Rac1 Bb7 13. a3 Rac8 14. Ba2 Rfd8 15.
dxc5 Bxc5 16. Be1 Rxd1 17. Rxd1 b5 18. Bb1 Ba7 19. Ne4 Nxe4 20. Bxe4 Ne7 21.
Bxb7 Qxb7 22. Qd3 Qd5 1/2-1/2

[Event "XtraCon-Skakligaen"]
[Site "Denmark"]
[Date "2011.02.20"]
[Round "7.1"]
[White "Andreasen, Per Naesby"]
[Black "Hillarp Persson, Tiger"]
[Result "0-1"]
[WhiteElo "2239"]
[BlackElo "2528"]
[PlyCount "90"]
[EventDate "2010.11.06"]
[EventType "team-tourn"]
[EventRounds "9"]
[WhiteTeam "Norresundby"]
[BlackTeam "Bronshoj"]
[WhiteTeamCountry "DEN"]
[BlackTeamCountry "DEN"]

1. Nf3 d6 2. d4 Bg4 3. e4 Nf6 4. Nc3 e6 5. h3 Bh5 6. g4 Bg6 7. Qe2 a6 8. Bg5
Be7 9. Bg2 Nfd7 10. Be3 c5 11. d5 exd5 12. exd5 b5 13. O-O-O O-O 14. Nd2 Nb6
15. f4 f5 16. g5 Bf7 17. h4 N8d7 18. Nb3 b4 19. Nb1 a5 20. h5 Re8 21. g6 hxg6
22. hxg6 Bxg6 23. Bf3 Bf6 24. Qg2 Rxe3 25. Qxg6 Rxf3 26. Qh7+ Kf7 27. Qh5+ g6
28. Qxf3 Bg7 29. Qe2 Nf8 30. N3d2 Qf6 31. c3 Rb8 32. Nc4 bxc3 33. Nxc3 Nxc4 34.
Qxc4 Rb4 35. Qe2 Rxf4 36. Rde1 Qd8 37. Rhf1 Rxf1 38. Qxf1 Be5 39. Qg2 Nh7 40.
Kc2 Nf6 41. Qg5 Qh8 42. Qd2 Qh4 43. Rxe5 dxe5 44. Qe2 Qd4 45. Qa6 Nxd5 0-1

[Event "XtraCon-Skakligaen"]
[Site "Denmark"]
[Date "2011.02.20"]
[Round "7.2"]
[White "Bekker Jensen, Simon"]
[Black "Sorensen, Bent"]
[Result "1-0"]
[WhiteElo "2397"]
[BlackElo "2282"]
[PlyCount "89"]
[EventDate "2010.11.06"]
[EventType "team-tourn"]
[EventRounds "9"]
[WhiteTeam "Bronshoj"]
[BlackTeam "Norresundby"]
[WhiteTeamCountry "DEN"]
[BlackTeamCountry "DEN"]

1. d4 d5 2. c4 e6 3. Nc3 Bb4 4. cxd5 exd5 5. a3 Bxc3+ 6. bxc3 Nf6 7. e3 O-O 8.
Bd3 b6 9. Ne2 Ba6 10. f3 Re8 11. O-O c5 12. Ng3 Bxd3 13. Qxd3 Nc6 14. Bb2 Na5
15. e4 Nc4 16. Bc1 cxd4 17. cxd4 Nd7 18. e5 Nf8 19. f4 f6 20. Nh5 fxe5 21. Qg3
Ng6 22. f5 Qh4 23. Qxh4 Nxh4 24. Bg5 exd4 25. Bxh4 Ne3 26. Rf2 Re4 27. Bg5 Rf8
28. Ng3 Ree8 29. Re1 h6 30. Bf4 Kf7 31. Rd2 Nc4 32. Rxe8 Rxe8 33. Rxd4 Nxa3 34.
Rxd5 a5 35. Rd7+ Re7 36. Rxe7+ Kxe7 37. Kf2 Nc4 38. Ke2 Kf6 39. Kd3 b5 40. Kc3
Nb6 41. Kd4 Nc4 42. Kc5 a4 43. Kxb5 a3 44. Kxc4 a2 45. Be3 1-0

[Event "XtraCon-Skakligaen"]
[Site "Denmark"]
[Date "2011.02.20"]
[Round "7.3"]
[White "Kolbak, Jens"]
[Black "Hoi, Carsten"]
[Result "1/2-1/2"]
[WhiteElo "2295"]
[BlackElo "2413"]
[PlyCount "89"]
[EventDate "2010.11.06"]
[EventType "team-tourn"]
[EventRounds "9"]
[WhiteTeam "Norresundby"]
[BlackTeam "Bronshoj"]
[WhiteTeamCountry "DEN"]
[BlackTeamCountry "DEN"]

1. f4 d5 2. Nf3 g6 3. e3 Bg7 4. Nc3 c5 5. Bb5+ Bd7 6. Bxd7+ Qxd7 7. O-O d4 8.
Ne4 Qc6 9. Nf2 Nd7 10. e4 Ngf6 11. d3 O-O-O 12. Bd2 h5 13. c3 Kb8 14. cxd4 cxd4
15. Rc1 Qb6 16. b4 Bh6 17. h3 h4 18. Nxh4 e5 19. Nf3 Nh5 20. Ng4 Bxf4 21. Bxf4
exf4 22. Qb3 f5 23. Nf2 Ng3 24. Rfe1 Nf6 25. exf5 gxf5 26. Rc5 Rhe8 27. Rce5
Rxe5 28. Nxe5 Qc7 29. Nf3 Qg7 30. Qe6 Rg8 31. Qd6+ Ka8 32. Re7 Ne2+ 33. Kf1
Ng3+ 34. Ke1 Qf8 35. Qc7 Qc8 36. Nxd4 Nd5 37. Qxc8+ Rxc8 38. Rd7 Nxb4 39. a3
Re8+ 40. Kd1 Nc6 41. Nxc6 bxc6 42. Rd4 Nh5 43. Rd6 Kb7 44. Rg6 Kb6 45. h4
1/2-1/2

[Event "XtraCon-Skakligaen"]
[Site "Denmark"]
[Date "2011.02.20"]
[Round "7.4"]
[White "Bromann, Thorbjorn"]
[Black "Jorgensen, Jorgen"]
[Result "1-0"]
[WhiteElo "2433"]
[BlackElo "2276"]
[PlyCount "75"]
[EventDate "2010.11.06"]
[EventType "team-tourn"]
[EventRounds "9"]
[WhiteTeam "Bronshoj"]
[BlackTeam "Norresundby"]
[WhiteTeamCountry "DEN"]
[BlackTeamCountry "DEN"]

1. b3 e5 2. Bb2 Nc6 3. e3 d5 4. Bb5 Bd6 5. f4 Qe7 6. Nf3 Bg4 7. h3 Bxf3 8. Qxf3
Nf6 9. O-O O-O 10. Bxc6 bxc6 11. fxe5 Bxe5 12. Bxe5 Qxe5 13. Nc3 Rad8 14. Qf4
Qe7 15. Na4 Rfe8 16. Qd4 Ne4 17. b4 a5 18. a3 Ra8 19. Nc3 Nxc3 20. Qxc3 axb4
21. axb4 Qd6 22. Qd4 h6 23. c3 Rxa1 24. Rxa1 Re4 25. Qd3 g5 26. Ra6 Qd7 27. Qf1
Re6 28. Qf5 Kg7 29. Qg4 Qe7 30. Qd4+ Qf6 31. Qa7 Qf5 32. Qxc7 Rf6 33. Rxc6 Qb1+
34. Kh2 Rf1 35. Qe5+ Kh7 36. Rf6 Rh1+ 37. Kg3 Qe1+ 38. Rf2 1-0

[Event "XtraCon-Skakligaen"]
[Site "Denmark"]
[Date "2011.02.20"]
[Round "7.6"]
[White "Carstensen, Jacob"]
[Black "Pedersen, Svend"]
[Result "1-0"]
[WhiteElo "2332"]
[BlackElo "2214"]
[PlyCount "53"]
[EventDate "2010.11.06"]
[EventType "team-tourn"]
[EventRounds "9"]
[WhiteTeam "Bronshoj"]
[BlackTeam "Norresundby"]
[WhiteTeamCountry "DEN"]
[BlackTeamCountry "DEN"]

1. d4 d6 2. Nf3 g6 3. g3 Bg7 4. Bg2 Nf6 5. O-O O-O 6. c4 c6 7. Nc3 Qc7 8. e4 e5
9. h3 Nbd7 10. Be3 Nh5 11. g4 Nf4 12. Bxf4 exf4 13. Qd2 Qb6 14. Rab1 g5 15. b4
h6 16. c5 Qc7 17. Rfe1 b6 18. cxd6 Qxd6 19. e5 Qg6 20. Ne4 Re8 21. Nd6 Nf8 22.
Rbc1 Bd7 23. Bf1 h5 24. Bd3 Qh6 25. Bf5 hxg4 26. hxg4 Qh3 27. Nxg5 1-0

[Event "XtraCon-Skakligaen"]
[Site "Denmark"]
[Date "2011.02.20"]
[Round "7.7"]
[White "Nielsen, John Bauneborg"]
[Black "Palm, Nikolaj"]
[Result "1/2-1/2"]
[WhiteElo "2148"]
[BlackElo "2275"]
[PlyCount "27"]
[EventDate "2010.11.06"]
[EventType "team-tourn"]
[EventRounds "9"]
[WhiteTeam "Norresundby"]
[BlackTeam "Bronshoj"]
[WhiteTeamCountry "DEN"]
[BlackTeamCountry "DEN"]

1. d4 d5 2. c4 e6 3. Nc3 c6 4. e4 dxe4 5. Nxe4 Bb4+ 6. Bd2 Qxd4 7. Bxb4 Qxe4+
8. Be2 Na6 9. Bd6 Ne7 10. Nf3 f6 11. O-O Qg6 12. Ne5 Qh6 13. Ng4 Qg6 14. Ne5
1/2-1/2